[Event "Welsh Open Chess Championship"]
[Site "Mercure Cardiff North Hotel, Circle Way East, Llanedeyrn, Cardiff CF23 9XF"]
[Date "2024.04.01"]
[Round "7"]
[Board "8"]
[White "Mba, Reginald"]
[Black "Swamy, Anshul"]
[Result "1-0"]
[WhiteElo "1855"]
[BlackElo "1684"]
[PlyCount "60"]
[EventDate "2024.03.29"]
[EventType "swiss"]
[EventRounds "7"]
[EventCountry "WLS"]

1. d4 {[%emt 0:00:06]} d5 {[%emt 0:00:07]} 2. Nc3 {[%emt 0:00:10]} Nf6 {[%emt 0:00:13]} 3. Bf4 {[%emt 0:00:12]} a6 {[%emt 0:00:10]} 4. e3 {[%emt 0:00:21]} Bf5 {[%emt 0:01:29]} 5. f3 {[%emt 0:00:21]} Nc6 {[%emt 0:02:41]} 6. a3 {[%emt 0:01:07]} e6 {[%emt 0:01:50]} 7. g4 {[%emt 0:00:18]} Bg6 {[%emt 0:00:09]} 8. h4 {[%emt 0:00:25]} h6 {[%emt 0:00:13]} 9. h5 {[%emt 0:01:42]} Bh7 {[%emt 0:00:35]} 10. Bd3 {[%emt 0:00:40]} Bd6 {[%emt 0:03:05]} 11. Nh3 {[%emt 0:01:13]} Qe7 {[%emt 0:08:07]} 12. Qe2 {[%emt 0:01:03]} O-O-O {[%emt 0:02:16]} 13. O-O-O {[%emt 0:00:26]} Rde8 {[%emt 0:05:02]} 14. Rhe1 {[%emt 0:01:59]} Kb8 {[%emt 0:25:06]} 15. Bxh7 {[%emt 0:05:43]} Rxh7 {[%emt 0:00:36]} 16. Bh2 {[%emt 0:01:08]} Bxh2 {[%emt 0:08:14]} 17. Qxh2 {[%emt 0:00:09]} Rd8 {[%emt 0:09:26]} 18. Nf4 {[%emt 0:00:44]} Qd6 {[%emt 0:04:52]} 19. Qe2 {[%emt 0:00:35]} Rhh8 {[%emt 0:10:20]} 20. Kb1 {[%emt 0:01:47]} Rhe8 {[%emt 0:01:23]} 21. Nd3 {[%emt 0:05:26]} e5 {[%emt 0:03:46]} 22. dxe5 {[%emt 0:10:00]} Nxe5 {[%emt 0:00:08]} 23. Nxe5 {[%emt 0:05:02]} Qxe5 {[%emt 0:01:09]} 24. Qf2 {[%emt 0:06:27]} Re7 {[%emt 0:03:17]} 25. Re2 {[%emt 0:01:07]} Rd6 {[%emt 0:04:29]} 26. Rd3 {[%emt 0:00:57]} Qe6 {[%emt 0:02:30]} 27. Red2 {[%emt 0:01:16]} Qd7 {[%emt 0:01:31]} 28. Ne2 {[%emt 0:02:01]} Qe8 {[%emt 0:01:25]} 29. Nd4 {[%emt 0:00:58]} Rd8 {[%emt 0:00:40]} 30. Nf5 {[%emt 0:00:33]} Red7 {[%emt 0:00:34]} 1-0

[Event "Welsh Open Chess Championship"]
[Site "Mercure Cardiff North Hotel, Circle Way East, Llanedeyrn, Cardiff CF23 9XF"]
[Date "2024.04.01"]
[Round "7"]
[Board "9"]
[White "Anandkumar, Govind"]
[Black "Probert, Malcolm"]
[Result "1/2-1/2"]
[WhiteElo "1565"]
[BlackElo "1728"]
[PlyCount "61"]
[EventDate "2024.03.29"]
[EventType "swiss"]
[EventRounds "7"]
[EventCountry "WLS"]

1. e4 {[%emt 0:00:39]} d5 {[%emt 0:00:09]} 2. exd5 {[%emt 0:00:10]} Qxd5 {[%emt 0:00:05]} 3. Nc3 {[%emt 0:00:18]} Qd6 {[%emt 0:00:08]} 4. d4 {[%emt 0:00:16]} g6 {[%emt 0:00:08]} 5. Nf3 {[%emt 0:00:25]} Bg7 {[%emt 0:00:20]} 6. g3 {[%emt 0:01:46]} c6 {[%emt 0:02:24]} 7. Bg2 {[%emt 0:01:24]} Bg4 {[%emt 0:03:15]} 8. Be3 {[%emt 0:00:58]} Nh6 {[%emt 0:02:30]} 9. h3 {[%emt 0:02:49]} Bxf3 {[%emt 0:00:26]} 10. Qxf3 {[%emt 0:01:00]} Nf5 {[%emt 0:03:16]} 11. Rd1 {[%emt 0:01:53]} O-O {[%emt 0:02:59]} 12. O-O {[%emt 0:01:15]} e6 {[%emt 0:02:44]} 13. a3 {[%emt 0:03:50]} Nd7 {[%emt 0:04:39]} 14. Bf4 {[%emt 0:04:03]} Qe7 {[%emt 0:00:59]} 15. Be3 {[%emt 0:02:12]} Nb6 {[%emt 0:02:37]} 16. Ne2 {[%emt 0:02:18]} Nc4 {[%emt 0:04:44]} 17. Bc1 {[%emt 0:03:18]} Rfd8 {[%emt 0:06:13]} 18. c3 {[%emt 0:03:19]} Rd7 {[%emt 0:02:49]} 19. Rfe1 {[%emt 0:04:28]} Rad8 {[%emt 0:00:32]} 20. Nf4 {[%emt 0:01:39]} Rd6 {[%emt 0:09:01]} 21. Qe2 {[%emt 0:08:38]} Nb6 {[%emt 0:02:01]} 22. Nd3 {[%emt 0:01:04]} Nd7 {[%emt 0:05:06]} 23. Bf4 {[%emt 0:05:29]} e5 {[%emt 0:02:06]} 24. dxe5 {[%emt 0:01:13]} Nxe5 {[%emt 0:01:48]} 25. Bxe5 {[%emt 0:00:51]} Bxe5 {[%emt 0:01:22]} 26. Qxe5 {[%emt 0:00:29]} Qxe5 {[%emt 0:00:20]} 27. Rxe5 {[%emt 0:00:11]} Rxd3 {[%emt 0:00:28]} 28. Rxd3 {[%emt 0:00:40]} Rxd3 {[%emt 0:00:08]} 29. Re8+ {[%emt 0:00:42]} Kg7 {[%emt 0:00:15]} 30. Rb8 {[%emt 0:01:25]} Nd6 {[%emt 0:02:45]} 31. c4 {[%emt 0:03:56]} 1/2-1/2

[Event "Welsh Open Chess Championship"]
[Site "Mercure Cardiff North Hotel, Circle Way East, Llanedeyrn, Cardiff CF23 9XF"]
[Date "2024.04.01"]
[Round "7"]
[Board "10"]
[White "Enoch, Kristan"]
[Black "Wilkins, Zack"]
[Result "1/2-1/2"]
[WhiteElo "1554"]
[BlackElo "1615"]
[PlyCount "40"]
[EventDate "2024.03.29"]
[EventType "swiss"]
[EventRounds "7"]
[EventCountry "WLS"]

1. e4 e5 {[%emt 0:00:07]} 2. Nf3 {[%emt 0:00:04]} Nc6 {[%emt 0:00:28]} 3. Bc4 {[%emt 0:00:07]} Nf6 {[%emt 0:00:04]} 4. Nc3 {[%emt 0:00:06]} Bc5 {[%emt 0:01:44]} 5. O-O {[%emt 0:00:29]} a5 {[%emt 0:03:38]} 6. a4 {[%emt 0:00:28]} d6 {[%emt 0:02:14]} 7. h3 {[%emt 0:02:08]} O-O {[%emt 0:08:57]} 8. d3 {[%emt 0:02:19]} h6 {[%emt 0:00:04]} 9. Be3 {[%emt 0:00:36]} Nd4 {[%emt 0:10:11]} 10. Nb5 {[%emt 0:08:45]} Nxf3+ {[%emt 0:03:28]} 11. Qxf3 {[%emt 0:00:21]} c6 {[%emt 0:00:22]} 12. Nc3 {[%emt 0:09:29]} Bb6 {[%emt 0:00:33]} 13. Rad1 {[%emt 0:03:26]} Be6 {[%emt 0:03:31]} 14. Bxe6 {[%emt 0:03:14]} fxe6 {[%emt 0:00:08]} 15. b3 {[%emt 0:03:08]} Bxe3 {[%emt 0:17:36]} 16. Qxe3 {[%emt 0:06:09]} Qe7 {[%emt 0:07:15]} 17. d4 {[%emt 0:01:03]} exd4 {[%emt 0:01:18]} 18. Rxd4 {[%emt 0:00:49]} e5 {[%emt 0:01:23]} 19. Rd2 {[%emt 0:02:48]} Rad8 {[%emt 0:13:05]} 20. Rfd1 {[%emt 0:00:43]} Qc7 {[%emt 0:03:26]} 1/2-1/2

[Event "Welsh Open Chess Championship"]
[Site "Mercure Cardiff North Hotel, Circle Way East, Llanedeyrn, Cardiff CF23 9XF"]
[Date "2024.04.01"]
[Round "7"]
[Board "11"]
[White "Archibald, Mckenzie"]
[Black "Funmilayo, Feyikemi Anthony"]
[Result "1/2-1/2"]
[WhiteElo "1683"]
[BlackElo "1950"]
[PlyCount "64"]
[EventDate "2024.03.29"]
[EventType "swiss"]
[EventRounds "7"]
[EventCountry "WLS"]

1. d4 {[%emt 0:00:02]} d5 {[%emt 0:00:13]} 2. c4 {[%emt 0:00:04]} c6 {[%emt 0:00:15]} 3. cxd5 {[%emt 0:01:28]} cxd5 {[%emt 0:00:02]} 4. Nc3 {[%emt 0:00:09]} Nf6 {[%emt 0:01:02]} 5. f3 {[%emt 0:00:39]} Nc6 {[%emt 0:00:25]} 6. e4 {[%emt 0:00:09]} dxe4 {[%emt 0:00:19]} 7. d5 {[%emt 0:00:07]} Ne5 {[%emt 0:00:58]} 8. fxe4 {[%emt 0:00:04]} a6 {[%emt 0:01:01]} 9. h3 {[%emt 0:01:11]} e6 {[%emt 0:01:01]} 10. Nf3 {[%emt 0:00:46]} Bd6 {[%emt 0:00:42]} 11. Nxe5 {[%emt 0:05:23]} Bxe5 {[%emt 0:00:16]} 12. Qf3 {[%emt 0:00:05]} O-O {[%emt 0:00:47]} 13. Bc4 {[%emt 0:00:30]} Qc7 {[%emt 0:00:36]} 14. Bb3 {[%emt 0:00:34]} Bg3+ {[%emt 0:00:42]} 15. Kf1 {[%emt 0:03:02]} exd5 {[%emt 0:00:45]} 16. exd5 {[%emt 0:01:35]} Bd7 {[%emt 0:00:46]} 17. Be3 {[%emt 0:00:46]} Rae8 {[%emt 0:02:35]} 18. Bf2 {[%emt 0:01:57]} Be5 {[%emt 0:00:51]} 19. Re1 {[%emt 0:05:57]} Re7 {[%emt 0:00:59]} 20. Ne4 {[%emt 0:04:45]} Nxe4 {[%emt 0:01:36]} 21. Rxe4 {[%emt 0:00:28]} Bb5+ {[%emt 0:04:03]} 22. Kg1 {[%emt 0:01:28]} Bxb2 {[%emt 0:04:03]} 23. Rxe7 {[%emt 0:01:57]} Qxe7 {[%emt 0:00:11]} 24. Bg3 {[%emt 0:00:48]} Be2 {[%emt 0:06:57]} 25. d6 {[%emt 0:01:25]} Qg5 {[%emt 0:11:59]} 26. Qxe2 {[%emt 0:22:13]} Qxg3 {[%emt 0:00:14]} 27. Qxb2 {[%emt 0:00:18]} Re8 {[%emt 0:00:57]} 28. Bc4 {[%emt 0:00:20]} Re1+ {[%emt 0:06:25]} 29. Bf1 {[%emt 0:01:03]} Qxd6 {[%emt 0:00:44]} 30. Qxb7 {[%emt 0:04:46]} h6 {[%emt 0:03:06]} 31. Qc8+ {[%emt 0:09:06]} Kh7 {[%emt 0:00:32]} 32. Qf5+ {[%emt 0:00:34]} Kg8 {[%emt 0:00:02]} 1/2-1/2

[Event "Welsh Open Chess Championship"]
[Site "Mercure Cardiff North Hotel, Circle Way East, Llanedeyrn, Cardiff CF23 9XF"]
[Date "2024.04.01"]
[Round "7"]
[Board "12"]
[White "Blackmore, Simon"]
[Black "Prabhu, Vismith"]
[Result "1/2-1/2"]
[WhiteElo "1749"]
[BlackElo "1590"]
[PlyCount "53"]
[EventDate "2024.03.29"]
[EventType "swiss"]
[EventRounds "7"]
[EventCountry "WLS"]

1. e4 c5 {[%emt 0:00:07]} 2. Nf3 {[%emt 0:00:05]} e6 {[%emt 0:00:08]} 3. d4 {[%emt 0:00:09]} cxd4 {[%emt 0:00:06]} 4. c3 {[%emt 0:00:06]} Nf6 {[%emt 0:00:10]} 5. e5 {[%emt 0:01:24]} Nd5 {[%emt 0:00:05]} 6. Nxd4 {[%emt 0:01:20]} d6 {[%emt 0:02:33]} 7. exd6 {[%emt 0:06:18]} Bxd6 {[%emt 0:00:52]} 8. Bd3 {[%emt 0:01:03]} Nd7 {[%emt 0:09:05]} 9. Nd2 {[%emt 0:00:23]} N7f6 {[%emt 0:06:35]} 10. Nc4 {[%emt 0:02:51]} Bb8 {[%emt 0:11:22]} 11. Bg5 {[%emt 0:05:23]} a6 {[%emt 0:17:01]} 12. Nd2 {[%emt 0:03:39]} Qc7 {[%emt 0:06:21]} 13. Rc1 {[%emt 0:06:01]} Qe5+ {[%emt 0:05:02]} 14. Ne4 {[%emt 0:08:49]} Nxe4 {[%emt 0:05:57]} 15. Nf3 {[%emt 0:00:10]} Nxf2+ {[%emt 0:10:45]} 16. Kxf2 {[%emt 0:00:13]} Ba7+ {[%emt 0:01:59]} 17. Kf1 {[%emt 0:03:37]} Ne3+ {[%emt 0:00:44]} 18. Bxe3 {[%emt 0:00:45]} Qxe3 {[%emt 0:00:26]} 19. Rc2 {[%emt 0:00:53]} Bd7 {[%emt 0:03:44]} 20. Re2 {[%emt 0:00:50]} Qb6 {[%emt 0:01:34]} 21. h4 {[%emt 0:07:48]} O-O-O {[%emt 0:00:53]} 22. Qc2 {[%emt 0:00:50]} Ba4 {[%emt 0:02:28]} 23. b3 {[%emt 0:00:35]} Bc6 {[%emt 0:01:18]} 24. Nd4 {[%emt 0:01:10]} Qc7 {[%emt 0:00:37]} 25. Nxc6 {[%emt 0:02:00]} Qxc6 {[%emt 0:00:13]} 26. Rh3 {[%emt 0:01:46]} Kb8 {[%emt 0:00:45]} 27. Rf3 {[%emt 0:00:52]} 1/2-1/2

[Event "Welsh Open Chess Championship"]
[Site "Mercure Cardiff North Hotel, Circle Way East, Llanedeyrn, Cardiff CF23 9XF"]
[Date "2024.04.01"]
[Round "7"]
[Board "13"]
[White "Woodcock, Louise"]
[Black "Mcgrath, Ethan"]
[Result "0-1"]
[WhiteElo "1626"]
[BlackElo "1738"]
[PlyCount "34"]
[EventDate "2024.03.29"]
[EventType "swiss"]
[EventRounds "7"]
[EventCountry "WLS"]

1. f4 {[%emt 0:00:15]} d5 {[%emt 0:01:50]} 2. d4 {[%emt 0:00:20]} Nf6 {[%emt 0:01:13]} 3. Nf3 {[%emt 0:01:10]} Bf5 {[%emt 0:01:11]} 4. e3 {[%emt 0:00:46]} e6 {[%emt 0:01:23]} 5. Be2 {[%emt 0:02:24]} Nc6 {[%emt 0:00:55]} 6. O-O {[%emt 0:00:12]} Bd6 {[%emt 0:01:08]} 7. Bd2 {[%emt 0:00:59]} Qe7 {[%emt 0:00:26]} 8. Ne5 {[%emt 0:01:14]} Bxe5 {[%emt 0:01:09]} 9. fxe5 {[%emt 0:00:51]} Ne4 {[%emt 0:00:17]} 10. c4 {[%emt 0:02:58]} h5 {[%emt 0:14:04]} 11. cxd5 {[%emt 0:02:31]} Nxd2 {[%emt 0:00:14]} 12. Nxd2 {[%emt 0:00:58]} Nb4 {[%emt 0:00:48]} 13. Qa4+ {[%emt 0:06:33]} c6 {[%emt 0:01:06]} 14. d6 {[%emt 0:04:06]} Qg5 {[%emt 0:02:02]} 15. Rf3 {[%emt 0:01:05]} Nc2 {[%emt 0:06:25]} 16. Rc1 {[%emt 0:06:06]} Nxe3 {[%emt 0:03:04]} 17. Rxc6 {[%emt 0:01:02]} Qxg2# 0-1

[Event "Welsh Open Chess Championship"]
[Site "Mercure Cardiff North Hotel, Circle Way East, Llanedeyrn, Cardiff CF23 9XF"]
[Date "2024.04.01"]
[Round "7"]
[Board "14"]
[White "Hurn, Robert AJ"]
[Black "Hill, Glyn"]
[Result "1-0"]
[WhiteElo "1711"]
[BlackElo "1057"]
[PlyCount "73"]
[EventDate "2024.03.29"]
[EventType "swiss"]
[EventRounds "7"]
[EventCountry "WLS"]

1. d4 {[%emt 0:00:02]} d5 {[%emt 0:00:11]} 2. c4 {[%emt 0:00:05]} c5 {[%emt 0:04:16]} 3. e3 {[%emt 0:01:55]} Nf6 {[%emt 0:02:30]} 4. Nc3 {[%emt 0:00:59]} e6 {[%emt 0:03:24]} 5. Nf3 {[%emt 0:00:34]} Be7 {[%emt 0:01:04]} 6. Bd3 {[%emt 0:01:01]} O-O {[%emt 0:02:18]} 7. O-O {[%emt 0:00:30]} h6 {[%emt 0:02:58]} 8. b3 {[%emt 0:00:54]} Nc6 {[%emt 0:03:19]} 9. Bb2 {[%emt 0:01:03]} a6 {[%emt 0:08:19]} 10. a4 {[%emt 0:02:21]} Nb4 {[%emt 0:02:00]} 11. Be2 {[%emt 0:01:48]} b6 {[%emt 0:01:26]} 12. Ne5 {[%emt 0:00:55]} Bd6 {[%emt 0:03:39]} 13. f4 {[%emt 0:01:10]} g6 {[%emt 0:04:39]} 14. Bf3 {[%emt 0:04:13]} Bb7 {[%emt 0:02:52]} 15. cxd5 {[%emt 0:02:20]} Nbxd5 {[%emt 0:06:01]} 16. Nxd5 {[%emt 0:01:07]} Bxd5 {[%emt 0:02:01]} 17. Kh1 {[%emt 0:05:48]} h5 {[%emt 0:03:15]} 18. Qd3 {[%emt 0:01:34]} Bxf3 {[%emt 0:04:19]} 19. Rxf3 {[%emt 0:00:39]} Bxe5 {[%emt 0:09:15]} 20. fxe5 {[%emt 0:00:21]} Nd5 {[%emt 0:00:45]} 21. Raf1 {[%emt 0:04:48]} f5 {[%emt 0:00:49]} 22. exf6 {[%emt 0:00:33]} Kh7 {[%emt 0:02:14]} 23. dxc5 {[%emt 0:05:52]} Nb4 {[%emt 0:07:45]} 24. Qe4 {[%emt 0:03:18]} Qd5 {[%emt 0:01:14]} 25. Qxb4 {[%emt 0:00:38]} Rad8 {[%emt 0:01:32]} 26. h3 {[%emt 0:01:16]} bxc5 {[%emt 0:02:30]} 27. Qc3 {[%emt 0:01:28]} e5 {[%emt 0:00:53]} 28. Qxe5 {[%emt 0:01:26]} Qxb3 {[%emt 0:02:58]} 29. f7 {[%emt 0:01:47]} Rd4 {[%emt 0:01:37]} 30. exd4 {[%emt 0:02:48]} Qxb2 {[%emt 0:00:31]} 31. Qxc5 {[%emt 0:00:15]} Qb7 {[%emt 0:02:28]} 32. Qxf8 {[%emt 0:01:33]} h4 {[%emt 0:02:43]} 33. Qg8+ {[%emt 0:00:27]} Kh6 {[%emt 0:00:12]} 34. f8=Q+ {[%emt 0:00:27]} Kg5 {[%emt 0:02:42]} 35. Qf4+ {[%emt 0:01:05]} Kh5 {[%emt 0:00:26]} 36. Qh8+ {[%emt 0:00:33]} Qh7 {[%emt 0:00:13]} 37. Qxh7# {[%emt 0:00:16]} 1-0

[Event "Welsh Open Chess Championship"]
[Site "Mercure Cardiff North Hotel, Circle Way East, Llanedeyrn, Cardiff CF23 9XF"]
[Date "2024.04.01"]
[Round "7"]
[Board "15"]
[White "Murthy, Arush"]
[Black "Powell-Jones, Liam"]
[Result "1/2-1/2"]
[WhiteElo "1526"]
[BlackElo "1756"]
[PlyCount "49"]
[EventDate "2024.03.29"]
[EventType "swiss"]
[EventRounds "7"]
[EventCountry "WLS"]

1. d4 {[%emt 0:00:01]} Nf6 {[%emt 0:00:04]} 2. c4 {[%emt 0:00:10]} g6 {[%emt 0:00:04]} 3. Nc3 {[%emt 0:00:07]} d5 {[%emt 0:00:03]} 4. cxd5 {[%emt 0:00:31]} Nxd5 {[%emt 0:00:04]} 5. e4 {[%emt 0:00:07]} Nxc3 {[%emt 0:00:04]} 6. bxc3 {[%emt 0:00:06]} Bg7 {[%emt 0:00:05]} 7. Bc4 {[%emt 0:00:26]} c5 {[%emt 0:00:10]} 8. Ne2 {[%emt 0:00:13]} Qc7 {[%emt 0:00:25]} 9. Bb3 {[%emt 0:01:59]} O-O {[%emt 0:00:24]} 10. O-O {[%emt 0:01:16]} Rd8 {[%emt 0:00:10]} 11. Be3 {[%emt 0:03:58]} Nc6 {[%emt 0:01:03]} 12. Qc2 {[%emt 0:03:33]} cxd4 {[%emt 0:02:44]} 13. cxd4 {[%emt 0:00:19]} Qa5 {[%emt 0:06:48]} 14. Rfd1 {[%emt 0:02:44]} Bd7 {[%emt 0:02:16]} 15. Rac1 {[%emt 0:01:46]} Rac8 {[%emt 0:00:22]} 16. Qb1 {[%emt 0:01:03]} e6 {[%emt 0:06:37]} 17. a4 {[%emt 0:01:43]} Ne7 {[%emt 0:03:10]} 18. Qa2 {[%emt 0:03:57]} b5 {[%emt 0:10:07]} 19. axb5 {[%emt 0:06:17]} Qxa2 {[%emt 0:00:09]} 20. Bxa2 {[%emt 0:00:10]} Bxb5 {[%emt 0:00:04]} 21. Nc3 {[%emt 0:03:43]} Bc4 {[%emt 0:03:49]} 22. Bxc4 {[%emt 0:00:53]} Rxc4 {[%emt 0:00:03]} 23. Ne2 {[%emt 0:00:46]} Rxc1 {[%emt 0:06:22]} 24. Rxc1 {[%emt 0:00:14]} Rc8 {[%emt 0:00:15]} 25. f3 {[%emt 0:03:23]} 1/2-1/2

[Event "Welsh Open Chess Championship"]
[Site "Mercure Cardiff North Hotel, Circle Way East, Llanedeyrn, Cardiff CF23 9XF"]
[Date "2024.04.01"]
[Round "7"]
[Board "18"]
[White "Zhuravlev, Andrei"]
[Black "Enoch, Stuart"]
[Result "0-1"]
[WhiteElo "1564"]
[BlackElo "1629"]
[Annotator "Home"]
[PlyCount "84"]
[EventDate "2024.03.29"]
[EventType "swiss"]
[EventRounds "7"]
[EventCountry "WLS"]

{[%evp 0,84,40,41,42,45,60,68,86,79,90,86,84,79,87,91,97,88,88,89,80,80,91,91,88,84,88,85,110,89,86,31,30,-46,-70,-424,-424,-424,-195,-185,-188,-157,-138,-130,-3,-19,-26,-83,-69,3,0,-196,-196,-196,-196,-196,-175,-966,-977,-941,-941,-995,-966,-1240,-1303,-1256,-1259,-1331,-1301,-1512,-1605,-1712,-1754,-29987,-2019,-29991,-29992,-29993,-29994,-29995,-29994,-29995,-29996,-29997,-29998,-29999,-29999]} 1. e4 d5 2. exd5 Qxd5 3. Nc3 Qd8 4. Nf3 c6 5. Bc4 e6 6. d4 Nf6 7. Bf4 Qb6 8. Bb3 Be7 9. O-O O-O 10. Re1 Re8 11. Qd3 Nbd7 12. Rad1 Nf8 13. Be3 Qa5 14. Ne5 Ng6 15. Nc4 Qc7 16. Bg5 Ng4 17. Bc1 Qxh2+ 18. Kf1 Qh1+ 19. Ke2 Qxg2 20. Ne4 Qh2 21. Rh1 Qc7 22. Qh3 Nf6 23. Nxf6+ Bxf6 24. Qxh7+ Kf8 25. Ba4 b5 26. b3 Ke7 27. Ba3+ Kd7 28. Qh3 Nf4+ 29. Kf1 Nxh3 30. Rxh3 bxa4 31. Nd6 Ba6+ 32. c4 Rh8 33. Rxh8 Rxh8 34. Kg2 Be7 35. c5 Bxd6 36. cxd6 Qa5 37. Bc5 Qc3 38. Rh1 Rxh1 39. Kxh1 Qf3+ 40. Kg1 Qg4+ 41. Kh2 Bf1 42. Kh1 Qg2# 0-1

[Event "Welsh Open Chess Championship"]
[Site "Mercure Cardiff North Hotel, Circle Way East, Llanedeyrn, Cardiff CF23 9XF"]
[Date "2024.04.01"]
[Round "7"]
[Board "20"]
[White "White, Mike"]
[Black "White, Sam"]
[Result "0-1"]
[WhiteElo "985"]
[BlackElo "1684"]
[PlyCount "92"]
[EventDate "2024.03.29"]
[EventType "swiss"]
[EventRounds "7"]
[EventCountry "WLS"]

1. d4 d5 2. Bf4 Nf6 3. Nc3 Bg4 4. h3 Bh5 5. Nb5 Na6 6. Qd2 c6 7. Nc3 Bg6 8. e3 Nb4 9. Bd3 Nxd3+ 10. cxd3 e6 11. Nge2 Qb6 12. a3 Qa6 13. Rd1 Be7 14. O-O O-O 15. Be5 h5 16. Nf4 Bh7 17. Bxf6 Bxf6 18. Nxh5 Be7 19. e4 Qb6 20. Ne2 dxe4 21. dxe4 Bxe4 22. Neg3 Bg6 23. Qc3 Bxh5 24. Nxh5 g6 25. Ng3 Rad8 26. Ne4 Rd5 27. Rd3 Rfd8 28. Rfd1 e5 29. dxe5 Rxd3 30. Rxd3 Rxd3 31. Qxd3 Qxb2 32. f4 Qc1+ 33. Kh2 Qxf4+ 34. g3 Qxe5 35. a4 Qb2+ 36. Kg1 Qa1+ 37. Kh2 Qxa4 38. Nc3 Qb4 39. Qe3 Bc5 40. Qe8+ Kg7 41. Qe5+ Kh7 42. Ne4 Be7 43. h4 Qa3 44. Nf6+ Bxf6 45. Qxf6 Qa2+ 46. Kh3 Qe6+ 0-1